<?xml version="1.0" encoding="UTF-8"?><?xml-stylesheet type="text/xsl" href="static/style.xsl"?><OAI-PMH xmlns="http://www.openarchives.org/OAI/2.0/" xmlns:xsi="http://www.w3.org/2001/XMLSchema-instance" xsi:schemaLocation="http://www.openarchives.org/OAI/2.0/ http://www.openarchives.org/OAI/2.0/OAI-PMH.xsd"><responseDate>2026-04-17T01:59:48Z</responseDate><request verb="GetRecord" identifier="oai:www.recercat.cat:2445/165709" metadataPrefix="marc">https://recercat.cat/oai/request</request><GetRecord><record><header><identifier>oai:recercat.cat:2445/165709</identifier><datestamp>2025-12-05T21:24:13Z</datestamp><setSpec>com_2072_1057</setSpec><setSpec>col_2072_478797</setSpec><setSpec>col_2072_478917</setSpec></header><metadata><record xmlns="http://www.loc.gov/MARC21/slim" xmlns:dcterms="http://purl.org/dc/terms/" xmlns:xsi="http://www.w3.org/2001/XMLSchema-instance" xmlns:doc="http://www.lyncode.com/xoai" xsi:schemaLocation="http://www.loc.gov/MARC21/slim http://www.loc.gov/standards/marcxml/schema/MARC21slim.xsd">
   <leader>00925njm 22002777a 4500</leader>
   <datafield ind2=" " ind1=" " tag="042">
      <subfield code="a">dc</subfield>
   </datafield>
   <datafield ind2=" " ind1=" " tag="720">
      <subfield code="a">Ridao, Joan, 1967-</subfield>
      <subfield code="e">author</subfield>
   </datafield>
   <datafield ind2=" " ind1=" " tag="260">
      <subfield code="c">2020-06-16T07:22:24Z</subfield>
   </datafield>
   <datafield ind2=" " ind1=" " tag="260">
      <subfield code="c">2020-06-16T07:22:24Z</subfield>
   </datafield>
   <datafield ind2=" " ind1=" " tag="260">
      <subfield code="c">2014-06</subfield>
   </datafield>
   <datafield ind2=" " ind1=" " tag="260">
      <subfield code="c">2020-06-16T07:22:24Z</subfield>
   </datafield>
   <datafield ind2=" " ind1=" " tag="520">
      <subfield code="a">Por financiación de los partidos políticos se entiende el conjunto de métodos que estos utilizan para recaudar fondos que les permitan afrontar sus gastos como organizaciones y, singularmente, las campañas electorales. En esencia, estos fondos se proveen a través de la recaudación de las cuotas de afiliación, de los aportes voluntarios de individuos o empresarios en forma de donaciones corporativas, y por medio de subvenciones públicas. Pese a todas estas opciones, la financiación de los partidos a través de prácticas espurias y la corrupción política están muy presentes en la realidad, como demuestra el estallido de distintos episodios judicializados y algunas encuestas de percepción subjetiva. Ello ha llevado a impulsar diferentes planes y reformas legislativas en pro de la regularidad, la transparencia y el buen gobierno de estas organizaciones. Lo relevante sin embargo es que esta problemática empieza a ser vista como un indicador clave para la ciudadanía informada que ha pasado a elegir su opción política junto a los programas y los candidatos, especialmente en el actual contexto de crisis económica e institucional. Además, distintas voces abogan porque dichas reformas supongan no sólo un endurecimiento del control de la financiación sino también un recorte sustancial de las ayudas del Estado.</subfield>
   </datafield>
   <datafield tag="653" ind2=" " ind1=" ">
      <subfield code="a">Espanya</subfield>
   </datafield>
   <datafield tag="653" ind2=" " ind1=" ">
      <subfield code="a">Partits polítics</subfield>
   </datafield>
   <datafield tag="653" ind2=" " ind1=" ">
      <subfield code="a">Transparència política</subfield>
   </datafield>
   <datafield tag="653" ind2=" " ind1=" ">
      <subfield code="a">Finançament</subfield>
   </datafield>
   <datafield tag="653" ind2=" " ind1=" ">
      <subfield code="a">Spain</subfield>
   </datafield>
   <datafield tag="653" ind2=" " ind1=" ">
      <subfield code="a">Political parties</subfield>
   </datafield>
   <datafield tag="653" ind2=" " ind1=" ">
      <subfield code="a">Transparency in government</subfield>
   </datafield>
   <datafield tag="653" ind2=" " ind1=" ">
      <subfield code="a">Funding</subfield>
   </datafield>
   <datafield ind2="0" ind1="0" tag="245">
      <subfield code="a">La transparencia y el control económico-financiero de los partidos políticos en España. Entre un balance decepcionante y un futuro ensombrecedor</subfield>
   </datafield>
</record></metadata></record></GetRecord></OAI-PMH>